|
|
|
|
| LEADER |
00948nam a2200325 4500 |
| 001 |
DLU060055984 |
| 005 |
##19940404143351.1 |
| 008 |
##860206s1986 si a 001 0 eng |
| 010 |
# |
# |
|a 86001727
|
| 020 |
# |
# |
|a 9971500906
|
| 035 |
# |
# |
|9 (DLC) 86001727
|
| 040 |
# |
# |
|a DLC
|c DLC
|d DLC
|
| 082 |
# |
# |
|a 510
|b BE-R
|
| 100 |
# |
# |
|a Bellman, Richard Ernest,
|d 1920-
|
| 245 |
# |
# |
|a The Bellman continuum :
|b a collection of the works of Richard E. Bellman /
|c edited by Robert S. Roth.
|
| 260 |
# |
# |
|a Singapore ;
|a Philadelphia, PA, USA :
|b World Scientific,
|c c1986.
|
| 300 |
# |
# |
|a xxii, 868 p. :
|b ill. ;
|c 24 cm.
|
| 500 |
# |
# |
|a Includes indexes.
|
| 650 |
# |
# |
|a Mathematics.
|
| 700 |
# |
# |
|a Roth, Robert
|q (Robert S.),
|d 1930-
|
| 923 |
# |
# |
|a 26/2006
|
| 992 |
# |
# |
|a 26700
|
| 994 |
# |
# |
|a DLU
|
| 900 |
# |
# |
|a True
|
| 911 |
# |
# |
|a Thái Thị Thanh Thủy
|
| 925 |
# |
# |
|a G
|
| 926 |
# |
# |
|a A
|
| 927 |
# |
# |
|a SH
|
| 980 |
# |
# |
|a Thư viện Trường Đại học Đà Lạt
|